Willa Reinholda Richtera : Siedziba rektoratu Politechniki Łódzkiej /

Uložené v:
Podrobná bibliografia
Hlavní autori: Trocha, Malgorzata (Autor), Boczkowska, Anna (Autor), Chojnacka, Ewa (Autor), Przybylski, Ryszard (Autor)
Médium: Kniha
Jazyk:Polish
English
Vydavateľské údaje: Łódź : Wydawnictwo Politechniki Łódzkiej, 2013
Vydanie:1. vydanie
Predmet:
Tagy: Pridať tag
Žiadne tagy, Buďte prvý, kto otaguje tento záznam!

MARC

LEADER 00000nam a22000003a 4500
001 0068258
003 SK-STU
005 20190402112736.9
007 ta
008 181105s ----xo-----e------000-0-----d
020 |a 978-83-7283-516-1 
040 |a STU  |b slo 
041 0 |a pol  |a eng 
044 |a pl 
100 1 |a Trocha, Malgorzata  |4 aut 
245 1 0 |a Willa Reinholda Richtera :  |b Siedziba rektoratu Politechniki Łódzkiej /  |c aut. Malgorzata Trocha, Anna Boczkowska, Ewa Chojnacka, Ryszard Przybylski 
246 3 1 |a Richter´s Villa :  |b The seat of the Rectorate of Lodz University of Technology 
250 |a 1. vydanie 
260 |a Łódź :  |b Wydawnictwo Politechniki Łódzkiej,  |c 2013 
300 |a 21 s. 
650 0 7 |a vily 
650 0 7 |a 20. storočie 
650 0 7 |a eklekticizmus 
650 0 7 |a secesia 
700 1 |a Boczkowska, Anna  |4 aut 
700 1 |a Chojnacka, Ewa  |4 aut 
700 1 |a Przybylski, Ryszard  |4 aut 
996 |b 284AU07718  |c A* 10970/U  |l AAKNAR  |s A  |a 24  |w 0068258_0001